Fr. Conceicao Rodrigues College of Engineering

Industrial organization. (Record no. 17974)

MARC details
000 -LEADER
fixed length control field 00304nam a2200133Ia 4500
082 ## - DEWEY DECIMAL CLASSIFICATION NUMBER
Classification number 658.02467
100 ## - MAIN ENTRY--PERSONAL NAME
Personal name Kimball &Kimball
245 ## - TITLE STATEMENT
Title Industrial organization.
260 ## - PUBLICATION, DISTRIBUTION, ETC.
Name of publisher, distributor, etc. Vakils Feffer & Simons Private Ltd
Date of publication, distribution, etc. 2001
300 ## - PHYSICAL DESCRIPTION
Extent 531
546 ## - LANGUAGE NOTE
Language note ENGLISH
654 ## - SUBJECT ADDED ENTRY--FACETED TOPICAL TERMS
Focus term Management.
942 ## - ADDED ENTRY ELEMENTS (KOHA)
Koha item type BOOK
Holdings
Withdrawn status Lost status Damaged status Not for loan Collection Home library Current library Date acquired Cost, normal purchase price Inventory number Total Checkouts Full call number Barcode Date last seen Cost, replacement price Price effective from Koha item type
        AFT Fr. Agnel's C.Rodrigues College of Engineering Fr. Agnel's C.Rodrigues College of Engineering 17/03/2023 11.00 1075   658.02467 AFT802 17/03/2023 11.00 17/03/2023 BOOK